000 00860nam a2200241Ia 4500
001 16898
003 GE_BSU
008 181216s||||||||xx |||||||||||||| ||und||
040 _cGE_BSU
080 _a821.161.1-31
100 _aტოლსტოი, ა.
245 _aგზანი წამებისანი. წ. 3 : მოღუშული დილა.
245 _bტრილოგია
245 _cთარგმნა ა. ბრეგაძემ ; თ. ბუაჩიძის წინასიტყვ.
260 _aთბილისი
260 _bსაბჭ. საქართველო
260 _c1970
300 _a423 გვ. 21 სმ.
653 _aგზანი წამებისანი
653 _aმოღუშული დილა
653 _aტრილოგია
942 _cBK
999 _c49962
_d49962